Integrated learning / (Record no. 58247)

MARC details
000 -LEADER
fixed length control field 00706nam a22002177a 4500
005 - DATE AND TIME OF LATEST TRANSACTION
control field 20140102164636.0
010 ## - LCCN (DPL NO)
LC control number ENG-104067
020 ## - INTERNATIONAL STANDARD BOOK NUMBER
International Standard Book Number 9780198074366
Terms of availability 495.00
020 ## - INTERNATIONAL STANDARD BOOK NUMBER
International Standard Book Number 0198074360
Terms of availability 495.00
035 ## - SYSTEM CONTROL NUMBER
System control number EN-87600
037 ## - SOURCE OF ACQUISITION
Source of stock number/acquisition DBAD/PUB
082 ## - DEWEY DECIMAL CLASSIFICATION NUMBER
Classification number 370.1
100 ## - MAIN ENTRY--PERSONAL NAME
Personal name Gnanakan,Ken
245 ## - TITLE STATEMENT
Title Integrated learning /
Statement of responsibility, etc by Ken Gnanakan
260 ## - PUBLICATION, DISTRIBUTION, ETC. (IMPRINT)
Place of publication, distribution, etc New Delhi
Name of publisher, distributor, etc Oxford University Press
Date of publication, distribution, etc 2011
270 ## - ADDRESS
Address YMCA Library Building, 1, Jai Singh Road
City New Delhi
Postal code 110001
300 ## - PHYSICAL DESCRIPTION
Extent viii,180p.
Dimensions 21cm (Hb)
500 ## - GENERAL NOTE
General note Includes index.
942 ## - ADDED ENTRY ELEMENTS (KOHA)
Source of classification or shelving scheme Dewey Decimal Classification
Item type English Books
Classification part 379.263
Call number suffix GNA
Holdings
Withdrawn status Lost status Not for loan Collection code Home library Current library Date acquired Source of acquisition Cost, normal purchase price Full call number Barcode Copy number Cost, replacement price Koha item type
    Not For Loan Non-fiction D.B.Act.Division D.B.Act.Division 09/11/2011 DBAD/PUB 495.00 370.1 GNA EN-87600 1 495.00 English Books
      Non-fiction Patel Nagar Patel Nagar 02/01/2014 BSB/893/14.03.2013/169/08.03.2013/28.03.2013 545.00 379.263 GNA B-519474 1 545.00 English Books
      Non-fiction Shahdara Branch Shahdara Branch 02/01/2014 BSB/893/14.03.2013/169/08.03.2013/28.03.2013 545.00 379.263 GNA B-519475 1 545.00 English Books

© Delhi Public Library
Hit Counter
free hit counter